| 000 | 01331cam a22003497a 4500 | ||
|---|---|---|---|
| 003 | CHAP | ||
| 005 | 20220329142600.0 | ||
| 008 | 020131d2001 mx bd r 00110 spa d | ||
| 010 | _a85268 | ||
| 011 | _a86240 | ||
| 035 | _a96778 | ||
| 040 | _cCHAP | ||
| 090 | _aTesis | ||
| 100 | 0 | 0 |
_aRebolledo Cordoba, Fermin. _994958 |
| 245 | 1 | 3 |
_aEl cultivo de la caña de azúcar (Saccharum officinarum) en la Pequeña Propiedad de la Unidad de Riego Puente Nacional, Ver. _c/por Fermin Rebolledo Cordoba |
| 260 |
_aChapingo, Méx. : _bEl autor, _c2001. |
||
| 300 |
_a79 h. : _bmapas ; cuadros |
||
| 502 | _aTesis (Ing. Agr. Esp. en Fitotecnia) -- UACH. Departamento de Fitotecnia | ||
| 590 |
_aALEPH _b10 _c20130110 _lUCH01 _h1445 |
||
| 590 |
_aBATCH-UPD _b10 _c20130110 _lUCH01 _h0822 |
||
| 590 |
_aBATCH-UPD _b10 _c20130410 _lUCH01 _h0459 |
||
| 590 |
_aBATCH-UPD _b10 _c20130914 _lUCH01 _h0837 |
||
| 590 |
_aCONVERSION _b10 _c20130109 _lUCH01 _h1347 |
||
| 650 | 1 | 4 |
_aCaña de azúcar _xRendimiento. _918643 |
| 650 | 1 | 4 |
_aCaña de azúcar _zVeracruz. _918672 |
| 650 | 1 | 4 |
_aUnidad de Riego Puente Nacional, Ver. _9116179 |
| 901 | _aBK | ||
| 905 | _aMarco A. Mendoza T. | ||
| 942 | _cFOLL | ||
| 949 |
_aTesis _bBC _cTES _d33724000860730 _eTS2 _fc.2 _gDonaciØn _h39060 _i96778 _sb |
||
| 949 |
_aTesis _bBC _cTES _d967781 _eTS1 _gDonaciØn _h39059 _i96778 _sb |
||
| 999 |
_c85268 _d85268 |
||